| 000 | 00631nam a22002177a 4500 | ||
|---|---|---|---|
| 003 | ITZ | ||
| 005 | 20250429132510.0 | ||
| 008 | 250429b |||||||| |||| 00| 0 spa d | ||
| 020 | _a978-607-15-1767-8 | ||
| 035 | _a17879 | ||
| 041 | _aSpa | ||
| 050 |
_aTA347.D45 _bC4618 2023 |
||
| 082 |
_a515.35 _bC395e 2023 |
||
| 100 | 1 | _aCengel, Yunus A. | |
| 245 |
_aEcuaciones diferenciales para ingenierÃa y ciencias / _cA. Cengel Yunus |
||
| 250 | _a2 | ||
| 260 |
_aMéxico: _bMc Graw hill, _c2023 |
||
| 300 |
_axiv, 619 p. _bil. / _c32 cm. |
||
| 650 | _a1. EVALUACIONES DIFERENCIALES \ 2. MATEMATICAS PARA INGENIEROS | ||
| 942 | _cBK | ||
| 999 |
_c29594 _d29594 |
||